书目信息 |
| 题名: |
毛泽东书信选集
|
|
| 作者: | 毛泽东 著 ;中共中央文献研究室 编 | |
| 分册: | ||
| 出版信息: | 北京 人民出版社 1983 |
|
| 页数: | 612页 | |
| 开本: | 21cm | |
| 丛书名: | ||
| 单 册: | ||
| 中图分类: | A43 | |
| 科图分类: | ||
| 主题词: | 毛泽东著作-书信集 | |
| 电子资源: | ||
| ISBN: | ||
| 000 | 00665nam0 2200229 45 | |
| 001 | 0183005841 | |
| 005 | 20041109135915.6 | |
| 010 | @dCNY5.95@b精装 | |
| 091 | @a1001.1242 | |
| 100 | @a19950408d1983 emky0chiy0121 ea | |
| 101 | 0 | @achi |
| 102 | @aCN@b110000 | |
| 105 | @af z 000ey | |
| 200 | 10 | @a毛泽东书信选集@Amao ze dong shu xin xuan ji@f毛泽东著@g中共中央文献研究室编 |
| 210 | @a北京@c人民出版社@d1983 | |
| 215 | @a612页@c照片@d21cm | |
| 606 | @a毛泽东著作-书信集 | |
| 690 | @aA43@v3 | |
| 701 | 0 | @a毛泽东@4著 |
| 712 | 02 | @a中共中央文献研究室@Azhong gong zhong yang wen xian yan jiu shi@4编 |
| 801 | @aCN@bTSTC@c20031215 | |
| 905 | @dA43@e5@f1@b177509 | |
| 毛泽东书信选集/毛泽东著/中共中央文献研究室编.-北京:人民出版社,1983 |
| 612页:照片;21cm |
| ISBN (精装):CNY5.95 |
| ● |
| 相关链接 |
|
|
|
|
正题名:毛泽东书信选集
索取号:A43/5
 
预约/预借
| 序号 | 登录号 | 条形码 | 馆藏地/架位号 | 状态 | 备注 |
| 1 | 0095789 | 001979862 | 第一借阅区/ [索取号:A43/5] | 在馆 | |
| 2 | 0177509 | 000953757 | 第一借阅区/ [索取号:A43/5] | 在馆 |